Somewhat Hard football quiz - Statistics

General Stats
  • This quiz has been taken 101 times
  • The average score is 5 of 10
Answer Stats
Question Answer % Correct
Who has the most clean sheets in Premier League history? Petr Čech
85%
Who is the only African footballer to win the Ballon d'Or? George Weah
82%
How many top-division titles have Roma A.S won in their history? 3
52%
Which one these teams has won the Continental Treble more than once? Bayern Munich
52%
Which Country has won the most Copa Americas? Argentina
44%
Who was the top goal scorer of Euro 2008? David Villa
44%
Which country has lost the most World Cup Finals? Germany
39%
Which player was the first to receive a transfer fee of 100+ Million? Gareth Bale
22%
What was Yaya Touré's total for goals and assists in the Premier League during the 2013/14 season? 29
21%
Former Manchester City player Ferran Torres has netted his first and only hat-trick in the Premier League. But do you know which team he achieved this against? Newcastle United
21%
No matching quizzes found
Score Distribution
Percent of People with Each Score
Percentile by Number Answered
Your Score History
You have not taken this quiz